Miesto a úloha hnutia Taliban pri riešení súčasnej bezpečnostnej situácie v Afganistane diplomová práca

Na minha lista:
Detalhes bibliográficos
Autor principal: Pápayová, Ivana
Autor Corporativo: Fakulta medzinárodných vzťahov EU. Katedra medzinárodných politických vzťahov
Outros Autores: Čech, Ľubomír, 1955-
Formato: Livro
Idioma:eslovaco
Publicado em: Bratislava 2021
Tags: Adicionar Tag
Sem tags, seja o primeiro a adicionar uma tag!

MARC

LEADER 00000nbm a2200000 4500
001 0275303
005 20220314132745.1
041 0 |a slo 
044 |a SK 
245 1 0 |a Miesto a úloha hnutia Taliban pri riešení súčasnej bezpečnostnej situácie v Afganistane  |b diplomová práca  |c Ivana Pápayová ; školiteľ: Ľubomír Čech 
264 1 |a Bratislava  |c 2021 
300 |a 75 s. 
100 1 |a Pápayová, Ivana 
700 1 |a Čech, Ľubomír, 1955- 
710 2 |a Fakulta medzinárodných vzťahov EU. Katedra medzinárodných politických vzťahov